Landscape Planning Proposal For Gondekhal Village And Its Surrounding Watershed (Record no. 364573)

MARC details
000 -LEADER
fixed length control field 00374nam a2200121Ia 4500
008 - FIXED-LENGTH DATA ELEMENTS--GENERAL INFORMATION
fixed length control field 250110s9999 xx 000 0 und d
041 ## - LANGUAGE CODE
Language code of text/sound track or separate title eng
100 ## - MAIN ENTRY--PERSONAL NAME
Personal name Kadu Aishwarya
245 ## - TITLE STATEMENT
Title Landscape Planning Proposal For Gondekhal Village And Its Surrounding Watershed
260 ## - PUBLICATION, DISTRIBUTION, ETC. (IMPRINT)
Name of publisher, distributor, etc. BNCA M Arch LA, Pune
Date of publication, distribution, etc. 2020
300 ## - PHYSICAL DESCRIPTION
Extent 74p
700 ## - ADDED ENTRY--PERSONAL NAME
Personal name Guide Name:Sahasrabudhe Swati
9 (RLIN) 210950
Holdings
Withdrawn status Lost status Damaged status Not for loan Home library Current library Date acquired Total Checkouts Barcode Date last seen Bill Date Koha item type Original Barcode
        Dr. Bhanuben Nanavati College of Architecture Dr. Bhanuben Nanavati College of Architecture 17/08/2021   BNCA-PR-2073 10/01/2025 10/01/2025 Project Reports PR2073